Placák, P.: Svatováclavské milenium

Bibliographic Details
Main Author: Macho, Peter, 1964- (Author)
Format: Article
Language:Slovak
Subjects:

MARC

LEADER 00000nab a2200000 a 4500
001 vtls000877654
003 SK-MaSNL
005 20260304143214.0
008 250505c2004 xo 0 slo
015 |a SNBRB2004/07-20037 
035 |a CLN000229206 
035 |a (urnnbn)urn:nbn:sk:snk:ar-004w1m 
035 |a (uuid)6c24a7a7-50ae-4b34-a648-b6a9ee8cafb6 
035 |a urn:nbn:sk:snk-ab7ye8 
040 |a SNKBUCL  |b slo  |c SNKBUCL  |e AACR2 
041 0 |a slo 
044 |a xo  |c SK 
080 |a 235.3:061.7(437)"1929"(048)  |2 1997 
100 1 |a Macho, Peter,  |d 1964-  |4 aut  |9 105468 
245 1 0 |a Placák, P.: Svatováclavské milenium  |c P. Macho 
600 0 7 |a Václav  |c sv.  |d ?907-?935  |x oslavy  |x Česko-Slovensko  |x 1929  |x publikácie  |x recenzie  |2 snkbucl  |9 1463772 
650 0 7 |a kult svätováclavský  |z Česko-Sovensko  |y 1929  |x publikácie  |x recenzie  |2 snkbucl  |9 1463773 
650 0 7 |a kult svätých  |z Česko-Slovensko  |y 1929  |x publikácie  |x recenzie  |2 snkbucl  |9 27752 
655 7 |a články z novín a časopisov  |2 snkbucl  |9 267496 
773 0 |t Historický časopis  |g Roč. 52, č. 1 (2004), s. 177-180  |x 0018-2575 
787 0 8 |i Rec.:  |a Placák, Petr, 1964-  |t Svatováclavské milenium  |d Praha : Babylon, 2002  |z 8090280420 
850 |a Slovenská národná knižnica 
852 |a Slovenská národná knižnica 
954 |a odborná, vedecká literatúra pôvodná (slovenská)  |2 lita 
958 |a article9 
958 |a OND 
958 |a CZ 
958 |a RC 
958 |a EUIPO 
992 |a RBX 
999 |c 2924607  |d 2926537